Pavukove nite

Bibliographic Details
Main Author: Kopúnková, Eva, 1937-2015 (Author)
Other Authors: Čechová, Olga, 1925-2010 (Illustrator)
Format: Article
Language:Slovak
Subjects:

MARC

LEADER 00000nab a2200000 a 4500
001 vtls000034287
003 SK-MaSNL
005 20260304020433.0
008 111103c1979 xo 0 slo
015 |a SNBRB19rr/mm-uuuuu 
035 |a CL0044381 
040 |a SNKBUCL  |b slo  |c SNKBUCL  |e AACR2 
041 0 |a slo 
044 |a xo  |c SK 
080 |a 885.4-1(087.5)  |2 1981 
100 1 |a Kopúnková, Eva,  |d 1937-2015  |4 aut  |9 193201 
245 1 0 |a Pavukove nite  |c Eva Kopúnková 
655 7 |a rečňovanky  |2 snkbucl  |9 277107 
655 7 |a slovenská poézia  |2 snkbucl  |9 70444 
655 7 |a poézia pre deti  |2 snkbucl  |9 86748 
655 7 |a články z novín a časopisov  |2 snkbucl  |9 267496 
700 1 |a Čechová, Olga,  |d 1925-2010  |4 ill  |9 228624 
773 0 |t Zornička  |g Roč. 31, č. 20 (1978/1979), s. 6 
850 |a Slovenská národná knižnica v Martine  |a MTA001 
852 |a SNK  |b KIS3GCP 
958 |a RK 
958 |a LX 
992 |a RBX 
999 |c 2598826  |d 2600756